Detalles MARC
| 000 -LEADER |
| fixed length control field |
03530nam a22003257a 4500 |
| 003 - CONTROL NUMBER IDENTIFIER |
| control field |
DO-SdBNP |
| 005 - DATE AND TIME OF LATEST TRANSACTION |
| control field |
20210805131730.0 |
| 008 - FIXED-LENGTH DATA ELEMENTS--GENERAL INFORMATION |
| fixed length control field |
210721b 2020 dr a 00| 0 eng d |
| 020 ## - INTERNATIONAL STANDARD BOOK NUMBER |
| International Standard Book Number |
9789945613711 |
| 040 ## - CATALOGING SOURCE |
| Original cataloging agency |
DO-SdBNP |
| Language of cataloging |
spa |
| Transcribing agency |
BNPHU |
| 082 ## - DEWEY DECIMAL CLASSIFICATION NUMBER |
| Classification number |
305.420951 |
| Item number |
S195m 2020 |
| Edition number |
22 |
| 100 1# - MAIN ENTRY--PERSONAL NAME |
| Personal name |
Sang Ben, Mu-Kien Adriana, |
| Dates associated with a name |
1955- |
| 245 10 - TITLE STATEMENT |
| Title |
La mujer china : |
| Remainder of title |
del dolor a la esperanza / |
| Statement of responsibility, etc. |
Mu-Kien Adriana Sang Ben ; prólogo I : Ramón Arturo ; prólogo II : Muyien Sang de Suárez ; cuidado de edición : Daniel García. |
| 260 ## - PUBLICATION, DISTRIBUTION, ETC. (IMPRINT) |
| Place of publication, distribution, etc. |
Santo Domingo : |
| Name of publisher, distributor, etc. |
Archivo General de la Nación, |
| Date of publication, distribution, etc. |
2020. |
| 300 ## - PHYSICAL DESCRIPTION |
| Extent |
264 p. : |
| Other physical details |
il. ; |
| Dimensions |
23 cm. |
| 490 0# - SERIES STATEMENT |
| Series statement |
Archivo General de la Nación ; |
| Volume/sequential designation |
401 |
| 500 ## - GENERAL NOTE |
| General note |
Incluye datos biográficos de la autora en las solapas |
| 500 ## - GENERAL NOTE |
| General note |
Incluye referencias bibliográficas y notas al pie de las páginas. |
| 504 ## - BIBLIOGRAPHY, ETC. NOTE |
| Bibliography, etc |
Bibliografía : p. 257-261 |
| 505 0# - FORMATTED CONTENTS NOTE |
| Formatted contents note |
Prólogo I. Desde Panamá un hijo de migrantes / Ramón Arturo -- Prólogo II. Una mirada desde la familia / Muyien Sang de Suárez .-- Un preámbulo necesario -- Primera parte. Exclusión: bases filosóficas, culturales e históricas. Capítulo I. ¿Por qué esa cruel exclusión y sometimiento? Apuntes para comprender su base filosófica y cultural -- Lijing, el libro de los ritos -- El NE I ZE o El modelo familiar -- Shïjïng, el Libro de la poesía. La exclusión vertida de versos -- Capítulo II. El largo y abrupto camino hacia la libertad -- Se inicia el camino del cambio, 86.-- Las mui tsai, un drama ancestral, 90.-- Grandes obstáculos en el camino de la liberación, 93.-- El papel de la Federación de Mujeres Chinas -- Feminismo y realidad de la mujer china en el siglo XXI -- Segunda parte. Las novelas desnudan la cruda realidad. Capítulo III. El drama novelado, 111.-- Y desde siempre: La soledad, 116.-- La incertidumbre del amor -- Silencio y obediencia -- Los lotos dorados. La poesía del infierno -- El matrimonio: el otro camino de la esclavitud -- La pasividad femenina en la creación de lluvias y estrellas -- Morir de amor -- La resistencia silenciosa Las laotang y el nüshu -- Laotong o las hermanas del alma -- El nüshu (女书) El lenguaje secreto de las mujeres -- Capítulo IV. La ruptura obligada con el pasado. Voces desde la novela -- La ambición imperial japonesa -- Las mujeres migran, lloran y recuerdan -- La cultura occidental penetra en China -- Inicia la rebeldía contra las tradiciones de exclusión y sometimiento de la mujer china -- Prosperidad construida y destruida -- La guerra... la huida -- La larga y trágica huida hacia un sueño irreal -- La llegada: la sorpresa, el estigma y el rechazo -- El drama, el dolor y los secretos de las mujeres migrantes -- Secretos de la otra vida -- Los conflictos con los frutos de sus vientres -- Capítulo V. Desde la profundidad de mi alma -- Anexos. Anexo I. Explorando mis raíces, Julia Hernández Sang -- Anexo II. Festividades chinas -- Comienza el Festival de la primavera -- Celebraciones de vida y muerte -- Referencias -- Bibliográficas -- Hemerográficas -- Internet. |
| 590 ## - LOCAL NOTE (RLIN) |
| Local note |
Inventariado, 2021 /VM<br/><br/> |
| 650 #4 - SUBJECT ADDED ENTRY--TOPICAL TERM |
| Topical term or geographic name as entry element |
Mujeres |
| General subdivision |
Condiciones sociales |
| Geographic subdivision |
China |
| Form subdivision |
Ensayos, conferencias, etc.. |
| 650 #4 - SUBJECT ADDED ENTRY--TOPICAL TERM |
| Topical term or geographic name as entry element |
Mujeres en el desarrollo |
| Geographic subdivision |
China |
| Form subdivision |
Ensayos, conferencias, etc.. |
| General subdivision |
|
| 651 #4 - SUBJECT ADDED ENTRY--GEOGRAPHIC NAME |
| Geographic name |
China |
| General subdivision |
Emigración e inmigración |
| 700 1# - ADDED ENTRY--PERSONAL NAME |
| Personal name |
Ramón Arturo, |
| Relator term |
prólogo I |
| 700 1# - ADDED ENTRY--PERSONAL NAME |
| Personal name |
Sang de Suárez, Muyien, |
| Relator term |
prólogo II |
| 700 1# - ADDED ENTRY--PERSONAL NAME |
| Personal name |
García, Daniel, |
| Relator term |
cuidado de edición |
| 910 ## - USER-OPTION DATA (OCLC) |
| User-option data |
VMateo V. |
| 942 ## - ADDED ENTRY ELEMENTS (KOHA) |
| Source of classification or shelving scheme |
Dewey Decimal Classification |
| Koha item type |
Libros |